The sister of the South / (Record no. 59231)

MARC details
000 -LEADER
fixed length control field 00811nam a22002177a 4500
005 - DATE AND TIME OF LATEST TRANSACTION
control field 20111209164433.0
010 ## - LCCN (DPL NO)
LC control number B-444567
020 ## - INTERNATIONAL STANDARD BOOK NUMBER
International Standard Book Number 9781865049939
Terms of availability 195.00
035 ## - SYSTEM CONTROL NUMBER
System control number B-444567
037 ## - SOURCE OF ACQUISITION
Source of stock number/acquisition Blueberry /Ven
082 ## - DEWEY DECIMAL CLASSIFICATION NUMBER
Classification number S
100 ## - MAIN ENTRY--PERSONAL NAME
Personal name Rodda, Emily
245 ## - TITLE STATEMENT
Title The sister of the South /
Statement of responsibility, etc by Emily Rodda
260 ## - PUBLICATION, DISTRIBUTION, ETC. (IMPRINT)
Place of publication, distribution, etc Lindfield NSW
Name of publisher, distributor, etc Scholastic Press
Date of publication, distribution, etc 2007
270 ## - ADDRESS
Address 345 Pacific Highway
City Lindfield NSW
Postal code 2070
300 ## - PHYSICAL DESCRIPTION
Extent 192p.
Dimensions 20cm(pbk)
490 ## - SERIES STATEMENT
Series statement Deltora Quest 3; 4
-- 38998
942 ## - ADDED ENTRY ELEMENTS (KOHA)
Source of classification or shelving scheme Dewey Decimal Classification
Item type Children Books
Call number suffix ROD
Classification part S
Holdings
Withdrawn status Lost status Not for loan Collection code Home library Current library Date acquired Source of acquisition Cost, normal purchase price Full call number Barcode Copy number Cost, replacement price Koha item type
      Fiction Sarojini Nagar Sarojini Nagar 12/01/2012 Blueberry /7042/29.9.2011/83/21.3.2011/12.10.2011 195.00 S ROD B-444567 1 195.00 Children Books

© Delhi Public Library
Hit Counter
free hit counter